[Event "Lisbon Portugal op"]
[Site "Lisbon"]
[Date "2020.01.26"]
[Round "2"]
[White "Krzywda, Andrzej"]
[Black "Oliveira, Antonio Augusto Da"]
[Result "1-0"]
[WhiteElo "2178"]
[BlackElo "1568"]
[PlyCount "85"]
[EventDate "2020.01.25"]
[EventType "swiss"]
[EventRounds "9"]
[EventCountry "POR"]
[SourceTitle "EXT 2021"]
[Source "ChessBase"]
[SourceDate "2020.10.23"]
[SourceVersion "1"]
[SourceVersionDate "2020.10.23"]
[SourceQuality "1"]

1. d4 d5 2. c4 c6 3. cxd5 cxd5 4. Bf4 Nf6 5. e3 e6 6. Nc3 Qa5 7. Bd3 Nc6 8. Nf3 Be7 9. 0-0 a6 10. Rc1 0-0 11. Ne5 Qd8 12. Nxc6 bxc6 13. Na4 Bb7 14. Qb3 Rb8 15. Bxb8 Qxb8 16. Nc5 Bxc5 17. Rxc5 Ne4 18. f4 Qc7 19. h3 Nf6 20. Qc2 Nd7 21. Rc3 g6 22. b4 Qd6 23. Qe2 Ra8 24. Rfc1 Ra7 25. a3 Qe7 26. e4 Qf6 27. Qe3 Qd8 28. e5 Qh4 29. Qf2 Qd8 30. Rf1 a5 31. f5 exf5 32. Bxf5 Qe7 33. Bxd7 Qxd7 34. Rf3 Ba6 35. Re1 Qe7 36. Rf6 Bb5 37. e6 fxe6 38. Rfxe6 Qf7 39. Rf6 Qd7 40. Rf8+ Kg7 41. Qf6+ Kh6 42. g4 axb4 43. Re5 1-0

[Event "Azores op 4th"]
[Site "Ponta Delgada"]
[Date "2017.12.09"]
[Round "5"]
[White "Campos, Rui Carlos de Olive"]
[Black "Oliveira, Antonio Augusto Da"]
[Result "1/2-1/2"]
[WhiteElo "1792"]
[BlackElo "1602"]
[PlyCount "88"]
[EventDate "2017.12.07"]
[EventType "swiss"]
[EventRounds "7"]
[EventCountry "POR"]
[SourceTitle "CBM 182 Extra"]
[Source "ChessBase"]
[SourceDate "2018.02.23"]
[SourceVersion "1"]
[SourceVersionDate "2018.02.23"]
[SourceQuality "1"]

1. f4 d5 2. e3 Nf6 3. Be2 g6 4. d3 Bg7 5. Nf3 c6 6. 0-0 Qb6 7. c3 Nbd7 8. Na3 e6 9. Nc2 0-0 10. Rb1 Nh5 11. d4 c5 12. Ne5 Nhf6 13. Bf3 Ne8 14. Bd2 Nd6 15. Be1 Nf6 16. Nd3 c4 17. Nf2 a5 18. Qe2 Nf5 19. g3 Qc7 20. e4 dxe4 21. Nxe4 Nxe4 22. Bxe4 Nd6 23. Bf3 Rb8 24. Ne3 b5 25. Bf2 Bb7 26. Nc2 Bxf3 27. Qxf3 Qb7 28. Qxb7 Rxb7 29. a3 Rd8 30. Rfe1 Nf5 31. Rbd1 h5 32. Re2 Rd5 33. Kg2 Bf6 34. h4 Kf8 35. Re4 Nd6 36. Re2 Nf5 37. Be1 Ke8 38. Bd2 Kd7 39. Ne1 Kc6 40. Nf3 Rbd7 41. Rde1 R7d6 42. Re5 Bxe5 43. Nxe5+ Rxe5 44. fxe5 Rd7 1/2-1/2

[Event "Azores op 4th"]
[Site "Ponta Delgada"]
[Date "2017.12.08"]
[Round "3"]
[White "Jurado Perez, Olvier"]
[Black "Oliveira, Antonio Augusto Da"]
[Result "1/2-1/2"]
[WhiteElo "1923"]
[BlackElo "1602"]
[PlyCount "38"]
[EventDate "2017.12.07"]
[EventType "swiss"]
[EventRounds "7"]
[EventCountry "POR"]
[SourceTitle "CBM 182 Extra"]
[Source "ChessBase"]
[SourceDate "2018.02.23"]
[SourceVersion "1"]
[SourceVersionDate "2018.02.23"]
[SourceQuality "1"]

1. d4 f5 2. c4 e6 3. Nc3 Nf6 4. e3 b6 5. f4 Bb7 6. Nf3 Be7 7. Be2 0-0 8. 0-0 d5 9. Ne5 Nbd7 10. Bd2 c5 11. h3 Nxe5 12. dxe5 Ne4 13. Nxe4 dxe4 14. Bc3 Qxd1 15. Raxd1 Rad8 16. g4 Rxd1 17. Rxd1 Rd8 18. gxf5 Rxd1+ 19. Bxd1 exf5 1/2-1/2

[Event "Caparica op 2nd"]
[Site "Caparica"]
[Date "2017.06.22"]
[Round "2"]
[White "Martins, Andre Goncalo Gomes"]
[Black "Oliveira, Antonio Augusto Da"]
[Result "1-0"]
[WhiteElo "2064"]
[BlackElo "1602"]
[PlyCount "57"]
[EventDate "2017.06.21"]
[EventType "swiss"]
[EventRounds "7"]
[EventCountry "POR"]
[SourceTitle "EXT 2018"]
[Source "ChessBase"]
[SourceDate "2017.10.13"]
[SourceVersion "1"]
[SourceVersionDate "2017.10.13"]
[SourceQuality "1"]

1. d4 Nf6 2. c4 g6 3. Nc3 d5 4. cxd5 Nxd5 5. Bd2 Bg7 6. e4 Nxc3 7. Bxc3 0-0 8. Qd2 c5 9. d5 Nd7 10. Bxg7 Kxg7 11. 0-0-0 Qc7 12. f4 Rb8 13. Nf3 b5 14. e5 b4 15. Kb1 Nb6 16. d6 exd6 17. exd6 Bf5+ 18. Ka1 Qc8 19. Ne5 Bd7 20. h4 f6 21. Nc4 h5 22. Nxb6 axb6 23. Bc4 Re8 24. Rhe1 Qb7 25. Bd5 Qa7 26. Rxe8 Bxe8 27. Re1 Qa4 28. Re7+ Kf8 29. f5 1-0

[Event "POR-ch Seniors 50+"]
[Site "Luso"]
[Date "2017.04.12"]
[Round "5"]
[White "Marvao, Joaquim Manuel Pint"]
[Black "Oliveira, Antonio Augusto Da"]
[Result "0-1"]
[WhiteElo "1331"]
[BlackElo "1587"]
[PlyCount "64"]
[EventDate "2017.04.09"]
[EventType "swiss"]
[EventRounds "5"]
[EventCountry "POR"]
[SourceTitle "EXT 2018"]
[Source "ChessBase"]
[SourceDate "2017.10.13"]
[SourceVersion "1"]
[SourceVersionDate "2017.10.13"]
[SourceQuality "1"]

1. e4 d5 2. exd5 Nf6 3. Nf3 Nxd5 4. Bc4 Bg4 5. 0-0 e6 6. d3 Nc6 7. c3 Nb6 8. Bb5 Qd5 9. Bxc6+ Qxc6 10. Nbd2 0-0-0 11. Ne5 Bxd1 12. Nxc6 bxc6 13. Rxd1 Rxd3 14. Re1 Be7 15. Nf3 Rhd8 16. Ne5 Rd1 17. Kf1 Rxe1+ 18. Kxe1 Rd5 19. Nxc6 Bf6 20. Be3 a5 21. Bd4 e5 22. Be3 Kb7 23. Nxa5+ Rxa5 24. b4 Rd5 25. a4 e4 26. Bd2 Nc4 27. Rd1 Nxd2 28. c4 Rd3 29. Ke2 Nxc4 30. Rc1 Rc3 31. Ra1 Rc2+ 32. Kd1 Rd2+ 0-1

[Event "Lisbon Christmas op"]
[Site "Lisbon"]
[Date "2014.12.28"]
[Round "4"]
[White "Oliveira, Antonio Augusto Da"]
[Black "Paiva, Henrique MA Alberg"]
[Result "0-1"]
[WhiteElo "1649"]
[BlackElo "1809"]
[PlyCount "58"]
[EventDate "2014.12.26"]
[EventType "swiss"]
[EventRounds "9"]
[EventCountry "POR"]
[SourceTitle "EXT 2018"]
[Source "ChessBase"]
[SourceDate "2017.10.13"]
[SourceVersion "1"]
[SourceVersionDate "2017.10.13"]
[SourceQuality "1"]

1. e4 c5 2. d4 cxd4 3. c3 Nc6 4. cxd4 d5 5. e5 Bf5 6. Nc3 e6 7. Bb5 a6 8. Bxc6+ bxc6 9. Nge2 Qc7 10. Qa4 Ne7 11. b4 Nc8 12. Qb3 Rb8 13. a3 Be7 14. Na4 Na7 15. Qg3 g5 16. f4 g4 17. Nc5 Qd8 18. Qe3 Bxc5 19. bxc5 h5 20. h4 gxh3 21. gxh3 Rg8 22. Qf2 Rb3 23. Be3 Nb5 24. Ng3 Nxa3 25. Nxf5 exf5 26. Bc1 Qa5+ 27. Kf1 Rgg3 28. Qd2 Rgf3+ 29. Ke1 Nc2+ 0-1

[Event "Lisbon Christmas op"]
[Site "Lisbon"]
[Date "2014.12.27"]
[Round "3"]
[White "Silva, Goncalo Nuno Neto"]
[Black "Oliveira, Antonio Augusto Da"]
[Result "1-0"]
[WhiteElo "1906"]
[BlackElo "1649"]
[PlyCount "39"]
[EventDate "2014.12.26"]
[EventType "swiss"]
[EventRounds "9"]
[EventCountry "POR"]
[SourceTitle "EXT 2018"]
[Source "ChessBase"]
[SourceDate "2017.10.13"]
[SourceVersion "1"]
[SourceVersionDate "2017.10.13"]
[SourceQuality "1"]

1. e4 c5 2. Nf3 g6 3. c3 Bg7 4. Bc4 Nf6 5. e5 Ng4 6. Bxf7+ Kf8 7. Bd5 e6 8. Be4 Nxe5 9. 0-0 Qf6 10. Nxe5 Qxe5 11. Qf3+ Ke7 12. d4 cxd4 13. cxd4 Qh5 14. Qxh5 gxh5 15. d5 e5 16. Nc3 a6 17. d6+ Ke6 18. Nd5 Kxd6 19. Rd1 Kc6 20. Be3 1-0

[Event "Lisbon Christmas op"]
[Site "Lisbon"]
[Date "2014.12.26"]
[Round "1"]
[White "Passeiro, Lourenco M Vilarigu"]
[Black "Oliveira, Antonio Augusto Da"]
[Result "0-1"]
[WhiteElo "1384"]
[BlackElo "1649"]
[PlyCount "124"]
[EventDate "2014.12.26"]
[EventType "swiss"]
[EventRounds "9"]
[EventCountry "POR"]
[SourceTitle "EXT 2018"]
[Source "ChessBase"]
[SourceDate "2017.10.13"]
[SourceVersion "1"]
[SourceVersionDate "2017.10.13"]
[SourceQuality "1"]

1. e4 c5 2. c3 g6 3. Nf3 Bg7 4. d4 cxd4 5. cxd4 Nf6 6. Nc3 0-0 7. Bc4 Nxe4 8. Bxf7+ Rxf7 9. Nxe4 Qb6 10. 0-0 Nc6 11. Nc5 d6 12. Nb3 Bg4 13. d5 Bxf3 14. gxf3 Ne5 15. Be3 Nxf3+ 16. Qxf3 Rxf3 17. Bxb6 axb6 18. Nd2 Rd3 19. Nc4 Rxd5 20. Nxb6 Rg5+ 21. Kh1 Rf8 22. Rab1 Bd4 23. Nc4 Rxf2 24. Rxf2 Bxf2 25. Rf1 Bd4 26. Re1 Kf7 27. Rd1 Bc5 28. h3 d5 29. Na5 b6 30. Nc6 e6 31. Re1 Kf6 32. b4 Bd6 33. Rf1+ Rf5 34. Re1 Rf3 35. Kg2 Rg3+ 36. Kf2 Rxh3 37. Nd4 Bg3+ 38. Kg2 Bxe1 39. Kxh3 Bxb4 40. Nc6 Bc5 41. Kg3 h5 42. Na7 d4 43. Nb5 e5 44. Kf3 Kf5 45. a4 e4+ 46. Ke2 d3+ 47. Ke1 Kf4 48. Nc3 Bb4 49. Kd2 Bxc3+ 50. Kxc3 h4 51. Kb4 h3 52. Kb5 h2 53. Kxb6 h1Q 54. a5 e3 55. a6 Qa8 56. a7 d2 57. Ka6 d1R 58. Kb6 Rd6+ 59. Kc7 Ra6 60. Kd7 Qxa7+ 61. Kc8 Rf6 62. Kd8 Rf8# 0-1